| 000 | 00000nas 2200000za 4500 |
| 001 | 9.507442 |
| 003 | CaOODSP |
| 005 | 20200618101617 |
| 007 | cr ||||||||||| |
| 008 | 150406d20102011xxc|| p o||||f| |0eng|d |
| 022 | |a2291-4064 |
| 040 | |aCaOODSP|beng |
| 043 | |an-cn--- |
| 086 | 1 |aHP32-8E-PDF |
| 110 | 2 |aPublic Health Agency of Canada. |
| 245 | 10|aSevere maternal morbidity in Canada |h[electronic resource] |
| 260 | |aOttawa - Ontario : |bPublic Health Agency of Canada |
| 310 | |aAnnual |
| 362 | 1 |a2009/10-- |
| 690 | 07|aDiseases|2gcpds |
| 690 | 07|aWomen|2gcpds |
| 775 | 08|tMorbidité maternelle grave au Canada |w(CaOODSP)9.503836 |
| 776 | 0#|tSevere maternal morbidity in Canada |w(CaOODSP)9.512460 |